000 00724cam a2200205 4500500
005 20260111080202.0
041 _afre
042 _adc
100 1 0 _aGalliffet, Nicolas
_eauthor
700 1 0 _aGiraud, Pauline
_eauthor
245 0 0 _aFocus sur l’avis du Haut Conseil des finances publiques
260 _c2017.
500 _a4
690 _abudget de l’État
690 _aHaut Conseil des finances publiques
690 _aprincipe de sincérité
690 _aprojet de loi de finances pour 2017
786 0 _nGestion & Finances Publiques | 1 | 1 | 2017-01-25 | p. 5-10 | 1969-1009
856 4 1 _uhttps://droit.cairn.info/revue-gestion-et-finances-publiques-2017-1-page-5?lang=fr&redirect-ssocas=7080
999 _c1615988
_d1615988